01112nab a22002417a 4500999001500000003000400015005001700019008004100036040000700077100003400084245011600118300001300234500003700247505007100284505017200355650002800527650005800555650002900613650002400642650003500666773015600701942001300857 c5766d5766OSt20260108235906.0190514b xxu||||| |||| 00| 0 spa d cPJ 96680aArias, Emmanuel Alexis 10aAbogado del niño o tutor ad litem. El rol determinante de la autonomía progresiva /cEmmanuel Alexis Arias. ap. 48-51 aCita: TR LALEY AR/DOC/1587/2025. aSumario: I. Breve reseña del caso.— II. Análisis del fallo.  tFallo comentado: Juzg. Flia. La Plata, Nro. 2 ~ 11/03/2025 ~ R. E. S. c. G. Y. M. A. s/ protección contra la violencia familiar (ley 12.569) legajo de apelación 2. 09967aDERECHO DE FAMILIA 092741aDERECHOS DE LAS NIÑAS, NIÑOS Y ADOLESCENTES 094105aABOGADO DEL NIÑO 09180aDEBIDO PROCESO 091057aJURISPRUDENCIA APLICABLE0 0284493222dBuenos Aires : AbeledoPerrot, 1989-tDerecho de familia. Revista Interdisciplinaria de doctrina y jurisprudencia. Agosto 2025-IV.z18511201 2udccANA